01303cam a2200205 4500001000500000005001700005008004100022010001700063020001500080020001800095082001600113100001800129245009000147260004900237300003600286504006600322505062700388651003801015651004401053850220181127190117.0101215s2011 ii a b 001 0 eng d a 2010317562 a0198069952 a978019806995904a337.1542221 aChanda, Rupa.10aIntegrating services in South Asia :btrade, investment, and mobility /cRupa Chanda. aNew Delhi :bOxford University Press,c2011. axxxii, 348 p. :bill. ;c23 cm. aIncludes bibliographical references (p. [317]-337) and index. aCONTENTS : List of Tables; List of Figures; Foreword; Acknowledgements; List of Abbreviations; Introduction; 1. Regional Integration Efforts and Outcomes in South Asia; 2. Why Services Integration?; 3. Regional Integration Prospects in Telecommunication Services; 4. Regional Prospects in Energy Services; 5. Prospects for Tourism Trade in South Asia; 6. Regional Prospects in Health Services; 7. Regional Prospects in Education Services; 8. South Asia's Multilateral and regional commitments in Services; 9. Way Forward for Services Integration in South Asia; Epilogue: Political Economy Challenges; Indexgrt 0aSouth AsiaxEconomic integration. 0aSouth AsiaxForeign economic relations.